00347nam a2200133Ia 4500008004100000020001500041041001200056082001600068100001500084245004800099260004200147300000800189650001600197221030s9999 xx 000 0 und d a8185749493 aEnglish a105.23bJai aV. K. Jain 0aComputer System Architecturecby V. K. Jain bS. K. Kataria & SonsaNew Delhic2000 a585 aBE Computer